Mort subite Numéros de départements et ... (3) - Statistiques

Statistiques générales
  • Ce quiz a été pris 103 fois
  • Le résultat moyen est 14 sur 67
Answers on the Grid
Answers color-coded by a green-red scale on the quiz's grid according to % correct below.
01
02
03
04
05
06
07
08
09
10
11
12
13
14
15
16
17
18
19
2A
2B
21
22
23
24
25
26
27
28
29
30
31
32
33
34
35
36
37
38
39
40
41
42
43
44
45
46
47
48
49
50
51
52
53
54
55
56
57
58
59
60
61
62
63
64
65
66
67
68
69
70
71
72
73
74
75
76
77
78
79
80
81
82
83
84
85
86
87
88
89
90
91
92
93
94
95
971
972
973
974
976
 
Statistiques - réponses
Réponse % Correct
69
38%
03
31%
02
30%
13
30%
01
28%
18
27%
76
27%
10
26%
35
26%
67
26%
68
26%
86
26%
31
24%
38
24%
42
24%
49
24%
71
24%
77
24%
27
23%
28
23%
46
23%
60
23%
61
23%
70
23%
16
22%
25
22%
30
22%
36
22%
47
22%
57
22%
89
22%
17
20%
33
20%
37
20%
44
20%
58
20%
07
19%
11
19%
12
19%
26
19%
34
19%
43
19%
81
19%
82
19%
83
19%
23
18%
51
18%
53
18%
55
18%
72
18%
92
18%
45
16%
52
16%
79
16%
80
16%
94
16%
24
15%
54
15%
95
15%
09
14%
19
14%
41
14%
87
14%
93
12%
91
9%
32
8%
85
5%
Aucun quiz correspondant
Distribution des résultats
% des personnes avec chaque résultat
Percentile par nombre de réponses
Votre historique - résultats
Vous n’avez pas pris ce quiz